La sociedad valenciana en las novelas de Blasco Ibáñez: proletariado y burguesía
Saved in:
| Hovedforfatter: | |
|---|---|
| Format: | Bog |
| Sprog: | spansk |
| Udgivet: |
Valencia, España
Centro Francisco Tomás y Valiente
2000
|
| Serier: | Biblioteca Historia Social,
4 |
| Fag: | |
| Tags: |
Tilføj Tag
Ingen Tags, Vær først til at tagge denne postø!
|
MARC
| LEADER | 00000nam a2200000 a 4500 | ||
|---|---|---|---|
| 001 | UCN7854 | ||
| 003 | CL-VaPUC | ||
| 005 | 20240125113208.0 | ||
| 008 | 011026e20000000SP |||||||||||||||||spa|d | ||
| 999 | |c 298047 |d 298045 | ||
| 020 | |a 849303407X | ||
| 040 | |c Pontificia Universidad Católica de Valparaíso | ||
| 082 | 0 | 4 | |a 863.9 SEB 2000 |2 21 |
| 100 | 0 | |a Sebastià Domingo, Enric |e author |9 464026 | |
| 245 | 1 | 3 | |a La sociedad valenciana en las novelas de Blasco Ibáñez: |b proletariado y burguesía |
| 260 | |a Valencia, España |b Centro Francisco Tomás y Valiente |c 2000 | ||
| 300 | |a 172 páginas | ||
| 490 | 0 | |a Biblioteca Historia Social, |v 4 | |
| 583 | |a last modification |c 20011026 00:00:00 |k Rodrigo Vera | ||
| 650 | 7 | |a NOVELA ESPAÑOLA |2 CL-VaPUC |9 345007 |x CRITICA E INTERPRETACION | |
| 650 | 0 | |a Antropología cultural y social |z VALENCIA |z ESPAÑA |9 265143 | |
| 650 | 0 | |a Clases sociales |z VALENCIA |z ESPAÑA |9 256858 | |
| 852 | |a BIBCUR | ||
| 942 | |c BK |2 ddc | ||
| 945 | |d 20011026 00:00:00 |a cmena | ||
| 952 | |0 0 |1 0 |2 ddc |4 0 |6 863_900000000000000_SEB_2000 |7 0 |8 A |9 353377 |a BIBHIS |b BIBHIS |d 2019-11-21 |i 3765326 |o 863.9 SEB 2000 |p 3765326 |r 2025-01-20 |t 1 |w 2019-11-21 |y BK |k HIS | ||